000 00929nam a2200241 a 4500
001 80346
003 BD-RjUL
005 20220913160952.0
008 220913s2011 bg b|||| m||| 00| 0 eng d
035 _a(BD-RjUL)80346
040 _aBD-RjUL
_beng
_cBD-RjUL
_dBD-RjUL
041 _aeng
082 _a635.217
_bALB 2011
_223
100 _aAlam, Mohammad Mahbube
_94778
245 0 1 _aA Biotechnological Strategy to Improve Indigenous Potato Cultivars of Bangladesh With Enhanced Starch Content /
_cMohammad Mahbube Alam ;
_6Supervisor : M. Monzur Hossain
260 _aRajshahi :
_bDepartment of Botany, Rajshahi University,
_c2011
300 _axv, 137 Leaves :
_bill, ;
_c29 cm.
502 _aThesis (Ph. D.) -- Department of Botany, Rajshahi University, 2011
504 _aReferences : Leaves 116-133
650 _aPotato Cultivars
_vImprove
_xCrops
_94779
700 _aHossain, M. Monzur, Supervisor
_93124
942 _2ddc
_cTHE
999 _c80346
_d80346